| 000 | 01364nam a2200349 i 4500 | ||
|---|---|---|---|
| 001 | 768714001 | ||
| 003 | CO-MdFUSB | ||
| 005 | 20250715084153.0 | ||
| 007 | ta | ||
| 008 | 980224t1998 -us b 001 |deng d | ||
| 020 | _a0830814523 | ||
| 040 |
_aCO-MdFUSB _bspa _cCO-MdFUSB _dCO-MdFUSBC _erda |
||
| 041 | _aeng | ||
| 082 |
_223 _a220.60922 _bH673 |
||
| 245 | 0 | 0 |
_aHistorical handbook of major biblical interpreters / _ceditado por Donald K. McKim |
| 264 | 1 |
_aDowners Grove, Illinois : _bInterVarsity Press, _c[1998] |
|
| 264 | 4 | _c©1998 | |
| 300 |
_a643 páginas ; _c24 cm |
||
| 336 |
_2rdacontent _atexto _btxt |
||
| 337 |
_2rdamedia _asin mediación _bn |
||
| 338 |
_2rdacarrier _avolumen _bnc |
||
| 505 | _aInterpretación bíblica en la iglesia primitiva -- Interpretación bíblica en la edad media -- Interpretación bíblica en los siglos XVI y XVII -- Interpretación bíblica en los siglos XVIII y XIX -- Interpretación bíblica en Europa en el siglo XX -- Interpretación bíblica en Norteamérica en el siglo XX. | ||
| 563 | _aTapa dura | ||
| 630 | 0 | 7 |
_aBiblia _xCrítica, interpretación, etc. |
| 653 | _aBiblia Interpretación - Historia | ||
| 653 | _aExégesis bíblica | ||
| 653 | _aIntérpretes de la Biblia - Biografía | ||
| 700 | 1 |
_aMcKim, Donald K. _eeditor |
|
| 942 | _cBK | ||
| 945 | _aMag1104 | ||
| 999 |
_c68979 _d68979 |
||